[Event "Nino Khurtsidze Memorial 2019"]
[Site "Vani"]
[Date "2019.09.18"]
[Round "5.4"]
[White "Arabidze, Meri"]
[Black "Kachiani-Gersinska, Ketino"]
[Result "0-1"]
[WhiteElo "2398"]
[BlackElo "2317"]
[Annotator "TA"]
[PlyCount "94"]
[EventDate "2019.09.17"]
[EventType "tourn"]
[EventCountry "GEO"]
[SourceTitle "playchess.com"]
[Source "ChessBase"]
[SourceQuality "1"]

{[%evp 12,93,68,68,79,76,68,60,61,52,59,46,51,49,66,50,49,60,60,50,60,54,69,62,78,56,111,33,40,24,19,6,44,47,49,47,16,13,16,-104,-104,-116,20,26,23,0,18,-62,0,-35,0,0,0,-8,-9,-10,0,0,39,33,60,63,121,87,99,61,56,-218,-21,-764,-258,-1477,87,-610,-602,-560,-346,-5206,-5114,-2702,-2678,-2235,-2206,-29999]} 1. d4 Nf6 2. c4 d6 3. Nf3 Nbd7 4. Nc3 e5 5. e4 Be7 6. Be2 O-O 7. O-O Qe8 {A55: Old Indian Defence with Nf3 and e4} 8. Re1 Bd8 9. Bf1 c6 {White is slightly better.} 10. b3 (10. h3 Qe7 11. Be3 Ba5 12. Nd2 Rd8 13. Qc2 Nf8 14. d5 h6 15. a3 Bb6 16. b4 Bxe3 17. Rxe3 {0-1 (65) Jakovenko,D (2726)-Jobava,B (2706) Loo 2014}) 10... Ba5 11. Bb2 Qe7 12. Qc2 $146 ({Predecessor:} 12. a3 c5 13. d5 Ng4 14. h3 Nh6 15. g4 {0-1 (72) Muller,A (2243)-Philippe,G (2364) Agen 2017}) 12... Rd8 13. Rad1 Nf8 14. h3 Ng6 15. a3 Bc7 16. b4 Nh5 17. g3 Qf6 18. Re3 a5 (18... Qe7 $14) 19. dxe5 ({Better is} 19. b5 $16) 19... dxe5 $14 20. c5 axb4 21. Rxd8+ Bxd8 22. axb4 Be6 23. Qd1 Bc7 $1 24. Nd2 Rd8 25. Be2 {[#]} (25. Ne2 $11) 25... Nhf4 $1 $17 {[%cal Rf4h3][%mdl 512]} 26. gxf4 Nxf4 (26... exf4 $17 27. Rd3 Rxd3 28. Bxd3 Be5) 27. Bf1 $1 $11 Qh4 28. Rg3 Bxh3 29. Ncb1 (29. Bc1 $11) 29... Be6 (29... Bxf1 $15 30. Qxf1 Qh5) 30. Qc2 h5 {[%mdl 1024] Black has compensation.} 31. Nf3 Qf6 {aiming for ...h4.} 32. Nbd2 h4 33. Rg5 Ng6 34. Rg2 Bh3 35. Rh2 Bxf1 36. Kxf1 Rd7 (36... Qf4 $14) 37. Bc1 Qf4 38. Qc3 Qg4 39. Ke1 $2 {[%mdl 8192]} (39. Ne1 $1 $14 {keeps the upper hand.}) 39... Bd8 $2 ({Black should try} 39... Nf4 $19 {And now ...Rd3 would win.} 40. Kf1 h3) 40. Nf1 $2 {[%mdl 8192]} (40. Nxe5 $11 Qg1+ 41. Nf1) 40... Bf6 $2 (40... Qxe4+ 41. Be3 Qxf3) 41. Rh1 $2 (41. N1d2) 41... Qe6 $2 ({Black should play} 41... Qxe4+ $19 42. Ne3 Qxf3) 42. Bg5 $2 {[%mdl 8192]} (42. Qc2 $16) 42... Bxg5 $19 43. Nxg5 Qa2 {( -> ...Qb1+)} 44. Nh3 $2 (44. Nd2 Nf4 45. Ngf3) 44... Qb1+ {[%mdl 64] Double Attack} 45. Ke2 Qxe4+ {[%mdl 64] Double Attack} 46. Ne3 Qxh1 47. Ng5 Nf4# {Accuracy: White = 37%, Black = 41%.} 0-1

[Event "Nino Khurtsidze Memorial 2019"]
[Site "Vani"]
[Date "2019.09.18"]
[Round "5.5"]
[White "Batsiashvili, Nino"]
[Black "Khotenashvili, Bela"]
[Result "1-0"]
[WhiteElo "2415"]
[BlackElo "2453"]
[Annotator "TA"]
[PlyCount "69"]
[EventDate "2019.09.17"]
[EventType "tourn"]
[EventCountry "GEO"]
[SourceTitle "playchess.com"]
[Source "ChessBase"]
[SourceQuality "1"]

{[%evp 9,69,22,26,20,41,34,34,0,0,0,0,0,37,0,-9,-10,34,33,38,0,0,0,0,0,0,0,0,0,0,-29,0,0,0,0,0,0,0,0,162,148,213,184,190,160,224,224,675,674,673,663,771,766,867,549,888,797,5289,4786,29981,5368,29984,29976]} 1. c4 e5 2. Nc3 Nc6 3. Nf3 g6 4. d4 exd4 5. Nxd4 Bg7 6. Nxc6 {A27: English Opening: Three Knights Variation} dxc6 (6... bxc6 7. g3 Ne7 8. Bg2 O-O 9. O-O d6 10. Bg5 Be6 11. Qd3 Rb8 12. b3 c5 13. Rad1 h6 14. Bc1 Re8 15. Qd2 Kh7 16. Bb2 Ng8 17. Rfe1 Nf6 18. h3 {½-½ (33) So,W (2765)-Mamedyarov,S (2817) Kolkata 2018}) 7. Qxd8+ Kxd8 8. Bf4 {White is slightly better.} Be6 9. O-O-O+ Kc8 10. e3 $146 ({Predecessor:} 10. e4 Nf6 11. Be5 Re8 12. f4 a5 13. Be2 a4 {0-1 (30) Lubczynski,R (2432)-Sutovsky,E (2657) Rhodes 2013}) 10... Ne7 11. Be2 Bxc3 12. bxc3 f6 13. h4 a5 14. a4 c5 15. g4 Bd7 16. g5 f5 $1 17. h5 Bxa4 18. Rd2 Bc6 19. f3 a4 20. hxg6 Nxg6 21. Bd3 $36 {[%mdl 2048] White has the initiative.} Bd7 22. Rdh2 a3 23. Kb1 Rd8 $2 (23... Be6 $11) 24. Rxh7 $18 a2+ (24... Nxf4 $16 25. exf4 Ra6) 25. Ka1 {[#] aiming for Rxd7!} Nxf4 26. exf4 Be6 (26... b5 $16 {is a better defense.} 27. cxb5 Be6) 27. Re7 Bg8 $2 (27... Ra6 28. Rxe6 Rxd3 29. Rxa6 bxa6) 28. Bxf5+ Kb8 29. Be6 Bxe6 30. Rxe6 {KRR-KRR} Ra3 31. Re3 Rd2 32. f5 Rb3 33. f6 Rdb2 34. Ree1 (34. f7 $142 Ka7 35. f8=Q Rb6 36. Ree1 R2b3 37. Qxc5 Kb8 38. Re8+ Ka7 39. Rhh8) 34... Rf2 35. f7 {Accuracy: White = 67%, Black = 32%.} 1-0

[Event "Nino Khurtsidze Memorial 2019"]
[Site "Vani"]
[Date "2019.09.18"]
[Round "6.1"]
[White "Mamedjarova, Zeinab"]
[Black "Khotenashvili, Bela"]
[Result "0-1"]
[WhiteElo "2300"]
[BlackElo "2453"]
[Annotator "TA"]
[PlyCount "66"]
[EventDate "2019.09.17"]
[EventType "tourn"]
[EventCountry "GEO"]
[SourceTitle "playchess.com"]
[Source "ChessBase"]
[SourceQuality "1"]

{[%evp 12,130,14,-7,-1,-7,0,-4,-2,-8,-13,-14,0,0,0,0,19,21,26,10,21,0,0,-31,-18,-37,-36,-32,-38,-84,-68,-116,-97,-101,-93,-119,-106,-108,-83,-90,-83,-83,-92,-90,-87,-145,-159,-158,-164,-160,-156,-179,-175,-201,-185,-204,-194,-212,-212,-217,-213,-237,-248,-236,-241,-253,-235,-291,-285,-281,-272,-287,-268,-304,-241,-271,0,-306,-290,-283,-289,-437,-432,-415,-433,-422,-429,-456,-360,-383,-264,-279,-257,-254,-257,-256,-254,-459,-459,-477,-453,-957,-969,-29972,-29973,-29973,-29974,-29988,-29984,-29987,-29988,-29988,-29989,-29992,-29989,-29993,-29994,-29994,-29995,-29996,-29997]} 1. d4 Nf6 2. Nf3 g6 3. g3 c5 4. c3 b6 5. Bg2 Bb7 6. O-O Bg7 7. Re1 O-O {A49: 1 d4 Nf6 2 Nf3 g6 3 g3: Anti-King's Indian systems} 8. Nbd2 (8. Bg5 d5 9. Nbd2 Nbd7 10. Rc1 h6 11. Bxf6 Nxf6 12. Ne5 Qc7 13. e3 Rad8 14. f4 h5 15. h3 {0-1 (30) Weber,U (2399)-Epishin,V (2563) Hofheim 2015}) 8... cxd4 9. cxd4 d5 {The position is equal.} 10. b3 Nc6 11. Bb2 Ne4 $146 ({Predecessor:} 11... Rc8 12. Ne5 Nb4 13. Rc1 Nxa2 14. Rxc8 Qxc8 15. Qa1 {½-½ (43) Mamedjarova,Z (2223)-Umudova,N (2296) Baku 2016}) 12. Ne5 Nxe5 13. dxe5 Nc5 14. b4 Ne6 15. Qb3 a5 16. bxa5 Rxa5 17. Bc3 Ra7 18. Bb2 Nc5 19. Qe3 Qa8 {[#] Strongly threatening ...d4.} 20. Qg5 e6 (20... Rxa2 $6 21. Qxe7 Rxa1 22. Rxa1 $11) 21. a3 h6 22. Qg4 Ra4 23. Qh3 Qa5 24. Red1 Qb5 25. Rab1 Qxe2 {aiming for ...Nd3.} 26. Bf1 {[#]} Qh5 $1 $36 {[%mdl 2048] Keeping White busy.} 27. Qxh5 gxh5 28. h4 ({White should play} 28. Bb5 Raa8 29. Bd4) 28... Ba6 $17 29. Nf3 Ra8 30. Bxa6 R8xa6 (30... Nxa6 31. Bd4 $15) 31. Kg2 Rc4 32. Bd4 Bf8 ({Don't play} 32... Rxa3 33. Rxb6 Bf8 34. Be3 $17) 33. Rb4 Kg7 {Played: Rc4-c2} 0-1

[Event "Nino Khurtsidze Memorial 2019"]
[Site "Vani"]
[Date "2019.09.18"]
[Round "6.2"]
[White "Kachiani-Gersinska, Ketino"]
[Black "Batsiashvili, Nino"]
[Result "0-1"]
[WhiteElo "2317"]
[BlackElo "2415"]
[Annotator "TA"]
[PlyCount "66"]
[EventDate "2019.09.17"]
[EventType "tourn"]
[EventCountry "GEO"]
[SourceTitle "playchess.com"]
[Source "ChessBase"]
[SourceQuality "1"]

{[%evp 10,164,14,-35,-42,-45,-27,-63,-18,-31,-27,-39,-41,-27,19,-44,-36,-42,-37,-37,-49,-38,-45,-32,-22,-34,-14,-16,-14,-49,-32,-36,-41,-52,-32,-29,0,-41,0,0,0,0,15,-102,-98,-160,-154,-153,-46,-52,-35,-29,0,0,0,-19,-20,-30,0,0,0,0,29,32,26,11,4,-44,-44,-44,-20,-23,-30,-16,-22,-83,-86,-97,-97,-104,-104,-218,-109,-118,0,-252,-239,-395,-185,-353,-193,-189,-162,-134,-48,-89,-79,-164,-158,-213,-213,-652,-652,-652,-652,-636,-648,-611,-621,-622,-567,-488,-489,-889,-697,-2208,-2117,-1564,-523,-5193,-4517,-29958,-29959,-29961,-29966,-29977,-29967,-29967,-29967,-29967,-29968,-29968,-29968,-29968,-29969,-29969,-29968,-29968,-29968,-29970,-29970,-29970,-29969,-29977,-29978,-29978,-29979,-29980,-29981,-29982,-29973,-29966,-29964,-29984,-29985,-29986,0]} 1. c4 Nf6 2. Nf3 e6 3. g3 d5 4. b3 c5 5. Bg2 Nc6 6. Bb2 d4 $1 {A13: English Opening: 1...e6} 7. O-O e5 8. e3 Be7 {Black is slightly better.} 9. d3 (9. exd4 exd4 10. Re1 O-O 11. Ne5 Nxe5 12. Rxe5 Bd6 13. Re1 Bg4 14. Qc2 Re8 15. Na3 Qd7 16. d3 a6 17. Qd2 Rab8 {½-½ (60) Nakamura,H (2777)-Anand,V (2768) Saint Louis 2018}) 9... O-O 10. Re1 Bg4 11. h3 Bd7 {[#]} 12. exd4 (12. b4 $1 $11 {[%mdl 512]}) 12... exd4 $15 13. Ne5 $146 ({Predecessor:} 13. Nbd2 Re8 {0-1 (63) Gokcen,F (1766)-Kangal,M (1471) Konya 2018}) 13... Nxe5 14. Rxe5 Bd6 15. Re1 Qc8 16. Kh2 Bc6 17. Nd2 a5 18. Bxc6 Qxc6 19. a4 Rae8 20. Qf3 Qb6 21. Rad1 Qb4 {And now ...Rxe1 would win.} 22. Bc1 h5 23. h4 Rxe1 24. Rxe1 Qc3 25. Kg2 Re8 26. Rf1 (26. Rxe8+ $11 {was the only way to keep the balance.} Nxe8 27. Ne4 Qxb3 28. Qxh5 Qxd3 29. Qf5) 26... Qc2 27. Qf5 (27. Qxb7 $142 Qxd3 28. Nf3) 27... Re6 28. Qf3 g6 ({Better is} 28... Bf8 $17 29. Kg1 b6) 29. Qxb7 Qxd3 30. Nf3 Ne4 {White must now prevent ...Rf6.} 31. Qa8+ Kh7 {...Rf6 is the strong threat.} 32. Ng5+ Nxg5 33. Bxg5 Qxb3 {Played: Re6-e2} 0-1

[Event "Nino Khurtsidze Memorial 2019"]
[Site "Vani"]
[Date "2019.09.18"]
[Round "6.3"]
[White "Lomineishvili, Maia"]
[Black "Arabidze, Meri"]
[Result "0-1"]
[WhiteElo "2342"]
[BlackElo "2398"]
[Annotator "TA"]
[PlyCount "58"]
[EventDate "2019.09.17"]
[EventType "tourn"]
[EventCountry "GEO"]
[SourceTitle "playchess.com"]
[Source "ChessBase"]
[SourceQuality "1"]

{[%evp 9,58,-41,-38,-81,-68,-75,-66,-72,-65,-65,-68,-45,-42,-87,-88,-90,-85,-82,-65,-91,-78,-104,-81,-105,-29,-16,-11,-4,0,0,0,-14,129,127,158,120,137,-202,-164,-212,-173,-518,-190,-222,-212,-29995,-29996,-29996,-29997,-29997,-29998]} 1. d4 d5 2. Nc3 Nf6 3. Bf4 a6 4. f3 (4. e3 b5 5. Nf3 Bb7 6. Bd3 e6 7. Ne2 Nbd7 8. O-O Ne4 9. Ng3 g5 10. Be5 Rg8 11. Bxe4 dxe4 {0-1 (44) Alekseenko,K (2638)-Kovalev,V (2683) St Petersburg 2018}) 4... e6 5. e4 c5 6. dxc5 $146 {D00: 1 d4 d5: Unusual lines} ({Predecessor:} 6. Qd2 Nc6 7. Nge2 cxd4 8. Nxd4 Bc5 9. Nxc6 bxc6 10. O-O-O O-O 11. exd5 cxd5 {0-1 (22) Babiuk,A-Kovaliova,V Kiev 2006}) 6... Bxc5 7. Qd2 Nc6 8. exd5 {Black is slightly better.} Nxd5 9. Nxd5 exd5 10. O-O-O O-O 11. Ne2 Be6 12. Kb1 Rc8 13. Nc1 d4 14. Bd3 a5 15. h4 a4 16. h5 a3 ({Black should try} 16... Qb6 $17 {Threatens to win with ...Bb4.} 17. Ne2 h6) 17. b3 Nb4 18. Be4 Bd5 19. Bf5 Be6 20. Be4 f5 (20... Qb6 $11 {remains equal.}) 21. Bxb7 $16 Rc7 22. Bxc7 Qxc7 {[#]} 23. Qe2 $2 {[%mdl 8192]} (23. c3 $1 $16 {[%cal Rc3b4]} Nxa2 24. Kxa2 Qxb7 25. c4 (25. cxd4 Bb4 $16)) 23... Bf7 {[%mdl 1024] Black has strong compensation.} 24. Ba6 {Strongly threatening Bc4.} Re8 25. Qb5 $2 (25. Qd2 Nxa6 26. Nd3) 25... Rb8 $2 (25... Be7 26. Qe2 Bg5) 26. Qf1 {[#]} d3 $1 $40 {[%cal Rd3c2][%mdl 640] Black wants a kill.} 27. Bxd3 $2 (27. Rxd3 $19 Nxa6 28. c3) 27... Qe5 {[%csl Ga3][%cal Re5b2] Black mates.} 28. c3 Qxc3 {[%csl Ga3][%cal Rc3b2]} 29. Qe2 Bd4 0-1

[Event "Nino Khurtsidze Memorial 2019"]
[Site "Vani"]
[Date "2019.09.18"]
[Round "6.4"]
[White "Javakhishvili, Lela"]
[Black "Zhukova, Natalia"]
[Result "1-0"]
[WhiteElo "2458"]
[BlackElo "2333"]
[Annotator "TA"]
[PlyCount "49"]
[EventDate "2019.09.17"]
[EventType "tourn"]
[EventCountry "GEO"]
[SourceTitle "playchess.com"]
[Source "ChessBase"]
[SourceQuality "1"]

{[%evp 9,49,0,0,-14,50,-62,-60,-104,-45,-54,-65,-157,-145,-143,-135,-158,-131,-112,53,66,54,37,230,231,223,218,283,290,280,282,29992,29993,29994,29995,29995,29996,29996,29997,29997,29998,29998,29999]} 1. d4 Nf6 2. c4 c5 3. d5 b5 4. e3 Bb7 (4... bxc4 5. Bxc4 g6 6. Nc3 d6 7. Nf3 Bg7 8. O-O O-O 9. Qc2 Nfd7 10. e4 Nb6 11. Bb5 a6 12. Bd3 a5 13. Bf4 {1-0 (74) Van Foreest,J (2609)-Fedorov,A (2582) Heraklio 2017}) 5. a4 bxc4 $146 ({Predecessor:} 5... Qa5+ 6. Bd2 b4 7. Bd3 g6 8. Qc2 Bg7 9. Nf3 d6 10. h3 Nbd7 11. O-O O-O 12. Ra2 {0-1 (34) Little,J-Simutowe,A (2419) Las Vegas 2007}) 6. Bxc4 {A57: Benko/Volga Gambit} g6 (6... Na6 $11) 7. b3 ({Better is} 7. Nc3 $14) 7... Bg7 $15 8. Bb2 {[#]Black is slightly better.} O-O ({Black should play} 8... e6 $1 $17 {[%cal Re6d5]} 9. Nd2 O-O) 9. Ne2 e6 {[%cal Re6d5]} 10. dxe6 (10. Bxf6 $15 Qxf6 11. Nbc3) 10... fxe6 $17 11. Nf4 g5 12. Ne2 Ng4 ({And not} 12... Bxg2 13. Rg1 $11) 13. Bxg7 Nxf2 $2 (13... Kxg7 $17 14. Nf4 gxf4 15. Qxg4+ Kh8) 14. Qd6 $1 $14 ({Avoid the trap} 14. Rf1 $2 Kxg7 15. Qc2 Ng4 $17) 14... Kxg7 15. O-O $36 {[%mdl 2048] White has good play.} Nh3+ $2 (15... Ne4 $14 16. Qe5+ Kh6) 16. gxh3 $18 {Nbc3 is the strong threat.} Rxf1+ 17. Kxf1 Qf6+ 18. Ke1 Qxa1 19. Qe7+ Kh6 $2 (19... Kg8 $18 20. Nec3 Qb2) 20. Nec3 {White mates.} Be4 21. Qf6+ Bg6 22. Qf8+ {[%mdl 64] [#] Double Attack} Kh5 23. Be2+ g4 24. Bxg4+ Kg5 25. Qf4+ {Accuracy: White = 62%, Black = 22%.} 1-0

[Event "Nino Khurtsidze Memorial 2019"]
[Site "Vani"]
[Date "2019.09.18"]
[Round "6.5"]
[White "Dzagnidze, Nana"]
[Black "Melia, Salome"]
[Result "1/2-1/2"]
[WhiteElo "2502"]
[BlackElo "2376"]
[Annotator "TA"]
[PlyCount "82"]
[EventDate "2019.09.17"]
[EventType "tourn"]
[EventCountry "GEO"]
[SourceTitle "playchess.com"]
[Source "ChessBase"]
[SourceQuality "1"]

{[%evp 16,82,11,8,8,-18,-1,0,0,0,-1,-7,-9,-20,-25,-14,-16,-15,-16,-21,0,-3,-6,-6,0,-18,0,0,0,0,0,0,0,0,0,0,0,-10,0,0,8,8,8,8,8,2,5,0,8,0,0,8,8,0,0,0,7,0,0,0,0,0,0,0,0,0,0,0,0]} 1. c4 e6 2. b3 d5 3. Bb2 Nf6 4. e3 Be7 5. Nf3 O-O 6. Be2 c5 7. cxd5 Nxd5 8. O-O Nc6 9. Nc3 Bf6 {A13: English Opening: 1...e6} (9... b6 10. Nxd5 Qxd5 11. d4 Bb7 12. dxc5 Qxc5 13. Rc1 Qd6 14. Qxd6 Bxd6 15. Rfd1 Rfd8 16. Nd2 Nb4 17. a3 Nd5 18. Nc4 Be7 {1-0 (55) Nakamura,H (2777)-So,W (2780) chess.com INT 2018}) 10. Qb1 Nxc3 11. dxc3 b6 12. Rd1 Qc7 $146 ({Predecessor:} 12... Qe7 13. Nd2 Bb7 14. Ne4 Be5 15. f4 Bc7 16. Ng5 g6 17. Bf3 {0-1 (37) Barle,J (2455)-Jelen,I (2430) Slovenia 1992}) 13. c4 Bxb2 14. Ng5 {[%csl Gg5][%cal Rb1h7] [#]} f5 15. Qxb2 h6 {The position is equal.} 16. Nh3 e5 17. f4 e4 18. Rd2 Be6 19. Rad1 Rad8 20. g4 Rxd2 21. Qxd2 Rd8 (21... fxg4 $5 22. Nf2 $8 Rd8 $11) 22. Qc1 Rxd1+ 23. Qxd1 g6 24. Nf2 Qd8 25. Qxd8+ Nxd8 $11 {[%mdl 4096] Endgame KBN-KBN} 26. h4 Nf7 27. h5 Kg7 28. hxg6 Kxg6 29. gxf5+ Bxf5 30. Nd1 Nd6 31. Nc3 Be6 32. Kf2 h5 33. Bf1 h4 34. Bg2 Bf5 35. Nd5 Kf7 36. a4 Be6 37. Nc3 Bf5 38. Bf1 Bg4 39. Bg2 Bf5 40. Kg1 Kg6 41. Nd5 Kf7 {Accuracy: White = 50%, Black = 50%.} 1/2-1/2

[Event "Nino Khurtsidze Memorial 2019"]
[Site "Vani"]
[Date "2019.09.18"]
[Round "7.1"]
[White "Melia, Salome"]
[Black "Mamedjarova, Zeinab"]
[Result "0-1"]
[WhiteElo "2376"]
[BlackElo "2300"]
[Annotator "NA"]
[PlyCount "110"]
[EventDate "2019.09.17"]
[EventType "tourn"]
[EventCountry "GEO"]
[SourceTitle "playchess.com"]
[Source "ChessBase"]
[SourceQuality "1"]
[TimeControl "900+10"]

1. e4 {[%emt 0:00:00]} e5 {[%emt 0:00:00]} 2. Nf3 Nc6 3. Bc4 {[%emt 0:00:00]} Bc5 {[%emt 0:00:00]} 4. c3 {[%emt 0:00:00]} Nf6 {[%emt 0:00:00]} 5. d4 {[%emt 0:00:00]} exd4 {[%emt 0:00:03]} 6. e5 {[%emt 0:00:01]} d5 {[%emt 0:00:51]} 7. Bb5 {[%emt 0:00:03]} Ne4 {[%emt 0:00:04]} 8. cxd4 {[%emt 0:00:02]} Bb4+ {[%emt 0:00:17]} 9. Bd2 {[%emt 0:00:18]} Nxd2 {[%emt 0:00:35]} 10. Nbxd2 {[%emt 0:00:02]} Bd7 {[%emt 0:01:10]} 11. O-O {[%emt 0:00:49]} O-O {[%emt 0:00:01]} 12. a3 {[%emt 0:00:43]} Bxd2 {[%emt 0:00:18]} 13. Bxc6 {[%emt 0:00:04]} Bxc6 {[%emt 0:00:31]} 14. Qxd2 {[%emt 0:00:12]} Bb5 {[%emt 0:00:58]} 15. Rfe1 {[%emt 0:00:13]} b6 {[%emt 0:00:20]} 16. Rac1 {[%emt 0:00:07]} Rc8 {[%emt 0:00:03]} 17. b4 {[%emt 0:04:05]} Qe7 {[%emt 0:00:04]} 18. Qc3 {[%emt 0:00:31]} Bd7 {[%emt 0:01:40]} 19. Nd2 {[%emt 0:00:14]} f6 {[%emt 0:00:58]} 20. Qb3 {[%emt 0:03:16]} c6 {[%emt 0:01:45]} 21. b5 {[%emt 0:00:38]} fxe5 {[%emt 0:01:08]} 22. bxc6 {[%emt 0:00:13]} Bxc6 {[%emt 0:00:12]} 23. dxe5 {[%emt 0:00:09]} Kh8 {[%emt 0:00:50]} 24. Nf3 {[%emt 0:00:17]} Bb7 {[%emt 0:00:18]} 25. Rxc8 {[%emt 0:00:17]} Rxc8 {[%emt 0:00:01]} 26. Nd2 {[%emt 0:02:29]} d4 {[%emt 0:00:06]} 27. Qd3 {[%emt 0:01:47]} Qg5 {[%emt 0:02:13]} 28. f3 {[%emt 0:00:03]} h6 {[%emt 0:01:55]} 29. e6 {[%emt 0:00:21]} Qh4 {[%emt 0:00:55]} 30. g3 {[%emt 0:00:17]} Qf6 {[%emt 0:00:22]} 31. f4 {[%emt 0:01:38]} Rc3 {[%emt 0:01:43]} 32. Qb5 {[%emt 0:00:31]} Re3 {[%emt 0:00:11]} 33. Rxe3 {[%emt 0:00:59]} dxe3 {[%emt 0:00:01]} 34. Nf1 {[%emt 0:00:08]} Qxe6 {[%emt 0:00:10]} 35. Qe2 {[%emt 0:00:10]} Qe4 {[%emt 0:00:05]} 36. Nxe3 {[%emt 0:00:07]} Qh1+ {[%emt 0:00:04]} 37. Kf2 {[%emt 0:00:01]} Qxh2+ {[%emt 0:00:03]} 38. Kf1 {[%emt 0:00:17]} Qxg3 {[%emt 0:00:09]} 39. f5 {[%emt 0:00:14]} Be4 {[%emt 0:00:14]} 40. Qf2 {[%emt 0:00:11]} Qxf2+ {[%emt 0:00:23]} 41. Kxf2 {[%emt 0:00:01]} g5 {[%emt 0:00:24]} 42. fxg6 {[%emt 0:00:08]} Bxg6 {[%emt 0:00:04]} 43. Kg3 {[%emt 0:00:21]} Kg7 {[%emt 0:00:04]} 44. Kf4 {[%emt 0:00:00]} Bd3 {[%emt 0:00:33]} 45. Nd5 {[%emt 0:00:15]} Kf7 {[%emt 0:00:05]} 46. Ke5 {[%emt 0:00:07]} h5 {[%emt 0:00:04]} 47. Nf4 {[%emt 0:00:07]} Bg6 {[%emt 0:00:08]} 48. Ng2 {[%emt 0:00:08]} Ke7 {[%emt 0:00:03]} 49. Nh4 {[%emt 0:00:14]} Bf7 {[%emt 0:00:08]} 50. Nf5+ {[%emt 0:00:19]} Kd7 {[%emt 0:00:02]} 51. Kd4 {[%emt 0:00:11]} Ke6 {[%emt 0:00:13]} 52. Nh4 {[%emt 0:00:08]} Kf6 {[%emt 0:00:14]} 53. a4 {[%emt 0:00:11]} a5 {[%emt 0:00:09]} 54. Kc3 {[%emt 0:00:11]} Bd5 {[%emt 0:00:04]} 55. Kd4 {[%emt 0:00:10]} Bc6 {[%emt 0:00:03]} 0-1

[Event "Nino Khurtsidze Memorial 2019"]
[Site "Vani"]
[Date "2019.09.18"]
[Round "7.2"]
[White "Zhukova, Natalia"]
[Black "Dzagnidze, Nana"]
[Result "0-1"]
[WhiteElo "2333"]
[BlackElo "2502"]
[Annotator "ChessBase"]
[PlyCount "51"]
[EventDate "2019.09.17"]
[EventType "tourn"]
[EventCountry "GEO"]
[SourceTitle "playchess.com"]
[Source "ChessBase"]
[SourceQuality "1"]
[TimeControl "900+10"]

1. c4 {[%emt 0:00:00]} e6 {[%emt 0:00:00]} 2. Nc3 {[%emt 0:00:06]} f5 {[%emt 0:00:48]} 3. Nf3 {[%emt 0:03:57]} Nf6 {[%emt 0:00:06]} 4. d4 {[%emt 0:00:16]} b6 {[%emt 0:00:07]} 5. a3 {[%emt 0:00:52]} Bb7 {[%emt 0:00:19]} 6. d5 {[%emt 0:00:10]} Bd6 {[%emt 0:01:29]} 7. g3 {[%emt 0:00:13]} O-O {[%emt 0:00:07]} 8. Bg2 {[%emt 0:00:01]} Na6 {[%emt 0:01:36]} 9. b4 {[%emt 0:00:38]} c5 {[%emt 0:02:10]} 10. Nb5 {[%emt 0:04:51]} Bb8 {[%emt 0:00:45]} 11. d6 {[%emt 0:00:04]} cxb4 {[%emt 0:00:26]} 12. O-O {[%emt 0:00:17]} b3 {[%emt 0:00:47]} 13. Qxb3 {[%emt 0:01:55]} Nc5 {[%emt 0:00:08]} 14. Qb4 {[%emt 0:01:07]} a6 {[%emt 0:02:14]} 15. Nc7 {[%emt 0:00:02]} Bxc7 {[%emt 0:00:03]} 16. dxc7 {[%emt 0:00:01]} Qxc7 {[%emt 0:00:01]} 17. Rb1 {[%emt 0:00:31]} Bxf3 {[%emt 0:01:45]} 18. Bxf3 {[%emt 0:00:06]} Rab8 {[%emt 0:00:01]} 19. Rd1 {[%emt 0:00:31]} d6 {[%emt 0:00:18]} 20. Bg2 {[%emt 0:00:53]} h6 {[%emt 0:00:45]} 21. Bb2 {[%emt 0:00:27]} Nfe4 {[%emt 0:00:30]} 22. Ba1 {[%emt 0:00:32]} Qe7 {[%emt 0:00:54]} 23. Qb2 {[%emt 0:00:28]} e5 {[%emt 0:02:21]} 24. Qc2 {[%emt 0:00:03]} Qe6 {[%emt 0:00:35]} 25. Rd5 {[%emt 0:00:35]} Kh8 {[%emt 0:00:35]} 26. Rbd1 {[%emt 0:00:09]} 0-1